00281nam a22001217a 4500020001800000040000900018082001300027100001600040245001800056250001600074260005100090650001800141 a9788129701053 cNust a515bROY aH.L. Royden aReal Analysis a3rd Edition aNew Delhi:bPearson education services,c2003. aReal Analysis